Welcome to WEB OPAC of MRSPTU Central Library

Introduction to radar system (Record no. 3356)

MARC details
000 -LEADER
fixed length control field 00402nam a2200157Ia 4500
008 - FIXED-LENGTH DATA ELEMENTS--GENERAL INFORMATION
fixed length control field 230711s9999||||xx |||||||||||||| ||und||
041 ## - LANGUAGE CODE
Language code of text/sound track or separate title ENG
082 ## - DEWEY DECIMAL CLASSIFICATION NUMBER
Classification number 621
Item number SK-I
100 ## - MAIN ENTRY--PERSONAL NAME
Personal name Skolnik,Merrill l
245 #0 - TITLE STATEMENT
Title Introduction to radar system
250 ## - EDITION STATEMENT
Edition statement 3rd Ed.
260 ## - PUBLICATION, DISTRIBUTION, ETC.
Date of publication, distribution, etc. 2004
Place of publication, distribution, etc. New Delhi
Name of publisher, distributor, etc. Tata McGraw Hill Education Limited
300 ## - PHYSICAL DESCRIPTION
Extent 772
650 ## - SUBJECT ADDED ENTRY--TOPICAL TERM
Topical term or geographic name entry element Electronics Engineering
942 ## - ADDED ENTRY ELEMENTS (KOHA)
Koha item type Book
Holdings
Withdrawn status Lost status Damaged status Not for loan Collection Home library Current library Date acquired Total checkouts Full call number Barcode Date last seen Price effective from Koha item type
          MRSPTU Central Library MRSPTU Central Library     621 SK-I 12163 08/17/2023 08/17/2023 Book
          MRSPTU Central Library MRSPTU Central Library     621 SK-I 13088 08/17/2023 08/17/2023 Book
          MRSPTU Central Library MRSPTU Central Library     621 SK-I 13089 08/17/2023 08/17/2023 Book
          MRSPTU Central Library MRSPTU Central Library     621 SK-I 13090 08/17/2023 08/17/2023 Book
          MRSPTU Central Library MRSPTU Central Library     621 SK-I 13091 08/17/2023 08/17/2023 Book
          MRSPTU Central Library MRSPTU Central Library     621 SK-I 13092 08/17/2023 08/17/2023 Book
          MRSPTU Central Library MRSPTU Central Library     621 SK-I 14097 08/17/2023 08/17/2023 Book
          MRSPTU Central Library MRSPTU Central Library     621 SK-I 14098 08/17/2023 08/17/2023 Book
          MRSPTU Central Library MRSPTU Central Library     621 SK-I 14099 08/17/2023 08/17/2023 Book
          MRSPTU Central Library MRSPTU Central Library     621 SK-I 16871 08/17/2023 08/17/2023 Book
          MRSPTU Central Library MRSPTU Central Library     621 SK-I 16872 08/17/2023 08/17/2023 Book
          MRSPTU Central Library MRSPTU Central Library     621 SK-I 16873 08/17/2023 08/17/2023 Book
          MRSPTU Central Library MRSPTU Central Library     621 SK-I 16874 08/17/2023 08/17/2023 Book
          MRSPTU Central Library MRSPTU Central Library     621 SK-I 16875 08/17/2023 08/17/2023 Book
          MRSPTU Central Library MRSPTU Central Library     621 SK-I 16876 08/17/2023 08/17/2023 Book
          MRSPTU Central Library MRSPTU Central Library     621 SK-I 16877 08/17/2023 08/17/2023 Book
          MRSPTU Central Library MRSPTU Central Library     621 SK-I 16878 08/17/2023 08/17/2023 Book
          MRSPTU Central Library MRSPTU Central Library     621 SK-I 16879 09/04/2023 08/17/2023 Book
          MRSPTU Central Library MRSPTU Central Library     621 SK-I 17439 08/17/2023 08/17/2023 Book

Website Designed and Developed by MRSPTU Central Library Team

E-mail Id: librarian@mrsptu.ac.in